000 00467nam a22001817a 4500
003 MPLRDC
005 20220104124131.0
008 210129b ||||| |||| 00| 0 eng d
020 _a7-5442-3045-7
082 _a997 NOS v.2
100 _aIVAN MOSCOVICH
245 _a1000个思维游戏 (下)
_c蒋励、康俊 译
250 _a一版一刷
260 _a中国
_b南海出版公司
_c2005
300 _b275
650 _a智力游戏
942 _cBK
_o997 NOS v.2
999 _c16905
_d16895